Liderzy partii politycznych III RP (od 1989) - Statystyki

Ogólne statystyki
  • Ten quiz został rozwiązany 174 razy
  • Średni wynik to 36 z 69
Statystyki odpowiedzi
Lata przywództwa Polityk % Poprawnych
PC 1990 - 1997 Jarosław Kaczyński
98%
PiS 2003 - Jarosław Kaczyński
98%
PO 2003 - 2014 Donald Tusk
97%
PO 2021 - Donald Tusk
97%
KLD 1991 - 1994 Donald Tusk
97%
PiS 2001 - 2003 Lech Kaczyński
95%
Polska 2050 2022 - Szymon Hołownia
93%
UPR 1990 - 1997 Janusz Korwin-Mikke
90%
UPR 1999 - 2002 Janusz Korwin-Mikke
90%
WiP 2009 - 2011 Janusz Korwin Mikke
90%
KNP 2011 - 2015 Janusz Korwin Mikke
90%
KORWiN (NN) 2015 - 2022 Janusz Korwin-Mikke
90%
Kukiz'15 2015 - Paweł Kukiz
89%
PSL 2015 - Władysław Kosiniak-Kamysz
89%
SdRP 1997 - 1999 Leszek Miller
86%
SLD 1999 - 2004 Leszek Miller
86%
SLD 2011 - 2016 Leszek Miller
86%
KORWiN (NN) 2022 - Sławomir Mentzen
82%
SLD 2016 - 2021 Włodzimierz Czarzasty
80%
NL 2021 - Włodzimierz Czarzasty
80%
RN 2023 - Krzysztof Bosak
78%
Nowoczesna 2015 - 2017 Ryszard Petru
78%
PSL 1991 - 1997 Waldemar Pawlak
76%
PSL 2005 - 2012 Waldemar Pawlak
76%
SdRP 1990 - 1995 Aleksander Kwaśniewski
75%
SRP 1992 - 2011 Andrzej Lepper
70%
PO 2014 - 2016 Ewa Kopacz
70%
LPR 2006 - 2007 Roman Giertych
70%
PO 2020 - 2021 Borys Budka
68%
PO 2016 - 2020 Grzegorz Schetyna
67%
RP 2011 - 2013 Janusz Palikot
60%
TR 2013 - 2019 Janusz Palikot
60%
SdRP 1996 - 1997 Józef Oleksy
56%
SLD 2004 - 2005 Józef Oleksy
56%
AWS 1999 - 2001 Jerzy Buzek
54%
UD 1990 - 1994 Tadeusz Mazowiecki
54%
UW 1994 - 1995 Tadeusz Mazowiecki
54%
PPPP 1990 - 1992 Janusz Rewiński
49%
Nowoczesna 2017 - 2019 Katarzyna Lubnauer
49%
RN 2014 - 2023 Robert Winnicki
41%
PZPR 1989 - 1990 Mieczysław Rakowski
40%
PO 2001 - 2003 Maciej Płażyński
37%
AWS 1996 - 1999 Marian Krzaklewski
37%
UW 1995 - 2000 Leszek Balcerowicz
36%
KPN 1979 - 2007 Leszek Moczulski
34%
Nowoczesna 2019 - Adam Szłapka
33%
SLD 2008 - 2011 Grzegorz Napieralski
32%
PSL 2012 - 2015 Janusz Piechociński
32%
Polska 2050 2020 - 2022 Michał Kobosko
31%
PSL 1997 - 2004 Jarosław Kalinowski
29%
UW 2000 - 2001 Bronisław Geremek
26%
SLD 2005 - 2008 Wojciech Olejniczak
24%
PSL 1990 - 1991 Roman Bartoszcze
20%
UPR 1997 - 1999 Stanisław Michalkiewicz
19%
PPPP 1992 - 1993 Leszek Bubel
18%
KLD 1990 - 1991 Janusz Lewandowski
17%
ZChN 1989 - 1994 Wiesław Chrzanowski
16%
ZChN 1994 - 1996 Ryszard Czarnecki
13%
PSL 2004 - 2005 Janusz Wojciechowski
11%
UW 2001 - 2005 Władysław Frasyniuk
11%
SLD 2004 Krzysztof Janik
7%
LPR 2001 - 2006 Marek Kotlinowski
7%
ZChN 1996 - 2000 Marian Piłka
5%
PC 1999 - 2002 Adam Lipiński
4%
PC 1997 - 1999 Krzysztof Tchórzewski
3%
PC 1999 Antoni Tokarczuk
2%
ZChN 2000 - 2002 Stanisław Zając
2%
UPR 2002 - 2005 Stanisław Wojtera
1%
WiP 2005 - 2009 Stanisław Kalinkowski
0%
Nie znaleziono quizów pasujących do podanych kryteriów
Rozkład punktacji
Procent ludzi z każdym wynikiem
Percentyl według liczby udzielonych odpowiedzi
Twoja historia wyników
Nie rozwiązałeś tego quizu